000 00284nam a2200133Ia 4500
008 260604s9999 xx 000 0 und d
020 _a9780143429135
082 _a891.44 NAS
100 _aTaslima nasrin
_935936
245 0 _aExile
260 _bPRH
500 _aExile
942 _cBK
999 _c8776
_d8776